| 000 | 00467nam a2200181Ia 4500 | ||
|---|---|---|---|
| 005 | 20250423100851.0 | ||
| 008 | 250422s9999 xx 000 0 und d | ||
| 020 | _a0-07-053563-9 | ||
| 050 | _aTA684.R66/ | ||
| 100 | _aAbraham J. Rokach | ||
| 245 | 0 | _aSchaum's outline of theory and problems of structural steel design | |
| 260 | _aNew York | ||
| 260 | _bMcGraw-Hill | ||
| 260 | _c1991 | ||
| 300 | _a187 p | ||
| 650 | _aBuilding, iron and steel | ||
| 942 | _cBK | ||
| 999 |
_c34582 _d34582 |
||